[Event "ZI-2012-0-01243"]
[Site "LSS email"]
[Date "2012.02.16"]
[Round "?"]
[White "Rivas Maceda, Juan Jorge"]
[Black "Santos, Maria Cristina"]
[Result "1-0"]
[WhiteElo "1879"]
[BlackElo "1498"]
[PlyCount "36"]
[EventDate "2012.02.13"]
[EventType "match (corr)"]
[EventRounds "2"]
[EventCountry "GER"]
[SourceTitle "Telechess CBM 157"]
[Source "ChessBase"]
[SourceDate "2013.11.12"]
[SourceVersion "1"]
[SourceVersionDate "2013.11.12"]
[SourceQuality "1"]

1. e4 c5 2. Nc3 Nc6 3. f4 g6 4. Nf3 Bg7 5. Bb5 Nd4 6. 0-0 a6 7. Bc4 b5 8. Bd5 Rb8 9. d3 e6 10. Bb3 Bb7 11. Nxd4 Bxd4+ 12. Kh1 Ne7 13. Ne2 Bg7 14. c3 d5 15. e5 0-0 16. d4 c4 17. Bc2 Bc6 18. Qe1 Qa5 1-0

[Event "RB-2012-0-00168"]
[Site "LSS email"]
[Date "2012.02.16"]
[Round "?"]
[White "Santos, Maria Cristina"]
[Black "Santos, Sebastiao"]
[Result "0-1"]
[WhiteElo "1513"]
[BlackElo "1793"]
[PlyCount "48"]
[EventDate "2012.01.23"]
[EventType "tourn (corr)"]
[EventRounds "6"]
[EventCountry "GER"]
[SourceTitle "Telechess CBM 153"]
[Source "ChessBase"]
[SourceDate "2013.03.14"]
[SourceVersion "1"]
[SourceVersionDate "2013.03.14"]
[SourceQuality "1"]

1. e4 e5 2. f4 exf4 3. Nf3 g5 4. Bc4 g4 5. 0-0 gxf3 6. Qxf3 Qf6 7. e5 Qxe5 8. Bxf7+ Kxf7 9. d4 Qxd4+ 10. Be3 Qf6 11. Nc3 Ne7 12. Bxf4 Qc6 13. Ne4 d5 14. Be5+ Nf5 15. Ng3 Bc5+ 16. Kh1 Rf8 17. Nxf5 Bxf5 18. Qxf5+ Kg8 19. Qg5+ Qg6 20. Rxf8+ Bxf8 21. Qd8 Nc6 22. Qxa8 Nxe5 23. Qxb7 Qf7 24. Qb5 Nc4 0-1

[Event "SB-2012-0-00211"]
[Site "LSS email"]
[Date "2012.02.12"]
[Round "?"]
[White "Santos, Maria Cristina"]
[Black "Koronowski, Heinz Juergen"]
[Result "0-1"]
[WhiteElo "1514"]
[BlackElo "1928"]
[PlyCount "28"]
[EventDate "2012.01.22"]
[EventType "tourn (corr)"]
[EventRounds "6"]
[EventCountry "GER"]
[SourceTitle "Corr 2015"]
[Source "ChessBase"]
[SourceDate "2015.07.17"]
[SourceVersion "1"]
[SourceVersionDate "2015.07.17"]
[SourceQuality "1"]

1. e4 e5 2. Nf3 Nc6 3. Bb5 Nd4 4. Nxd4 exd4 5. 0-0 Bc5 6. d3 c6 7. Ba4 d5 8. exd5 Qxd5 9. Nd2 Ne7 10. Ne4 0-0 11. Bb3 Qe5 12. Re1 h6 13. f4 Qf5 14. Qe2 Re8 0-1

[Event "WC-2016-P-00014"]
[Site "LSS email"]
[Date "2012.02.12"]
[Round "?"]
[White "Shelykalin, Vjacheslav"]
[Black "Santos, Maria Cristina"]
[Result "1-0"]
[WhiteElo "2109"]
[BlackElo "1513"]
[PlyCount "28"]
[EventDate "2012.02.15"]
[EventType "tourn (corr)"]
[EventRounds "12"]
[EventCountry "GER"]
[SourceTitle "Corr 2015"]
[Source "ChessBase"]
[SourceDate "2015.07.17"]
[SourceVersion "1"]
[SourceVersionDate "2015.07.17"]
[SourceQuality "1"]

1. d4 Nf6 2. c4 g6 3. g3 Bg7 4. Nf3 0-0 5. Bg2 d6 6. 0-0 Nc6 7. Nc3 e5 8. d5 Ne7 9. e4 Nd7 10. Ne1 b6 11. Nd3 Nc5 12. b4 Nxd3 13. Qxd3 a5 14. bxa5 Rxa5 1-0

[Event "WC-2016-P-00014"]
[Site "LSS email"]
[Date "2012.02.12"]
[Round "?"]
[White "Vodicka, Milan"]
[Black "Santos, Maria Cristina"]
[Result "1-0"]
[WhiteElo "1967"]
[BlackElo "1513"]
[PlyCount "58"]
[EventDate "2012.02.15"]
[EventType "tourn (corr)"]
[EventRounds "12"]
[EventCountry "GER"]
[SourceTitle "Telechess CBM 159"]
[Source "ChessBase"]
[SourceDate "2014.03.17"]
[SourceVersion "1"]
[SourceVersionDate "2014.03.17"]
[SourceQuality "1"]

1. d4 Nf6 2. c4 g6 3. Nf3 Bg7 4. Nc3 0-0 5. e4 d6 6. Be2 e5 7. Be3 h6 8. d5 Ng4 9. Bc1 Nd7 10. 0-0 f5 11. Nd2 Ngf6 12. exf5 gxf5 13. Qc2 f4 14. a3 a5 15. Rb1 Rf7 16. b4 Bf8 17. Bb2 Rg7 18. Kh1 Nb6 19. Bd3 Qe8 20. f3 Qh5 21. Nb3 axb4 22. axb4 Qh4 23. Na5 Nh5 24. Rfd1 Kh8 25. Rd2 Rg5 26. Ne4 Ng3+ 27. Kg1 Nxe4 28. Bxe4 Be7 29. c5 dxc5 1-0

[Event "RB-2012-0-00167"]
[Site "LSS email"]
[Date "2012.02.11"]
[Round "?"]
[White "Santos, Maria Cristina"]
[Black "Massie, James"]
[Result "0-1"]
[WhiteElo "1506"]
[BlackElo "1903"]
[PlyCount "65"]
[EventDate "2012.01.17"]
[EventType "tourn (corr)"]
[EventRounds "6"]
[EventCountry "GER"]
[SourceTitle "Telechess CBM 155"]
[Source "ChessBase"]
[SourceDate "2013.07.16"]
[SourceVersion "1"]
[SourceVersionDate "2013.07.16"]
[SourceQuality "1"]

1. d4 d5 2. c4 e6 3. Nc3 Nf6 4. cxd5 exd5 5. Bg5 Be7 6. e3 c6 7. Qc2 0-0 8. Bd3 Nbd7 9. Nge2 Re8 10. 0-0 Nf8 11. f3 g6 12. Rae1 Ne6 13. Bh4 b5 14. a3 a5 15. Kh1 Bd7 16. e4 dxe4 17. fxe4 Ng4 18. Bxe7 Qxe7 19. Nd1 Qh4 20. h3 f5 21. Kg1 Nf6 22. exf5 gxf5 23. Nf2 Nd5 24. Bxf5 Ne3 25. Qe4 Nf4 26. Bxh7+ Qxh7 27. Qxh7+ Kxh7 28. Nxf4 Nxf1 29. Rxf1 Rad8 30. Rc1 Bf5 31. Rc5 Re1+ 32. Kh2 Rf8 33. d5 0-1

[Event "OP-2012-0-02033"]
[Site "LSS email"]
[Date "2012.01.29"]
[Round "?"]
[White "Herzog, Klaus"]
[Black "Santos, Maria Cristina"]
[Result "1/2-1/2"]
[WhiteElo "1789"]
[BlackElo "1498"]
[PlyCount "42"]
[EventDate "2012.01.27"]
[EventType "tourn (corr)"]
[EventRounds "4"]
[EventCountry "GER"]
[SourceTitle "Telechess CBM 157"]
[Source "ChessBase"]
[SourceDate "2013.11.12"]
[SourceVersion "1"]
[SourceVersionDate "2013.11.12"]
[SourceQuality "1"]

1. d4 Nf6 2. c4 g6 3. Nc3 Bg7 4. e4 d6 5. f3 0-0 6. Be3 e5 7. Nge2 Nbd7 8. Qd2 c6 9. 0-0-0 a6 10. Kb1 b5 11. dxe5 Nxe5 12. b3 bxc4 13. Qxd6 Qxd6 14. Rxd6 Rb8 15. Kc2 cxb3+ 16. axb3 Ne8 17. Rd2 Nc7 18. f4 Ng4 19. Bc5 Re8 20. h3 Nf6 21. Ng3 Nb5 1/2-1/2

[Event "OP-2012-0-02033"]
[Site "LSS email"]
[Date "2012.01.29"]
[Round "?"]
[White "Santos, Maria Cristina"]
[Black "Vontina, Maria"]
[Result "1-0"]
[WhiteElo "1498"]
[BlackElo "758"]
[PlyCount "37"]
[EventDate "2012.01.27"]
[EventType "tourn (corr)"]
[EventRounds "4"]
[EventCountry "GER"]
[SourceTitle "Telechess CBM 157"]
[Source "ChessBase"]
[SourceDate "2013.11.12"]
[SourceVersion "1"]
[SourceVersionDate "2013.11.12"]
[SourceQuality "1"]

1. e4 e6 2. d4 d5 3. Nc3 Bb4 4. e5 c5 5. Qg4 Kf8 6. Nf3 Ne7 7. dxc5 Bxc5 8. Bd3 a6 9. 0-0 Ng6 10. Be3 Be7 11. Ng5 Nc6 12. Qh5 Kg8 13. Rad1 Ncxe5 14. f4 Nxd3 15. Rxd3 Bd7 16. f5 exf5 17. Nxf7 Kxf7 18. Nxd5 Qe8 19. Nc7 1-0

[Event "ZI-2011-0-01200"]
[Site "LSS email"]
[Date "2012.01.02"]
[Round "?"]
[White "Pasqua, Giovanni"]
[Black "Santos, Maria Cristina"]
[Result "1-0"]
[WhiteElo "1909"]
[BlackElo "1498"]
[PlyCount "34"]
[EventDate "2011.12.25"]
[EventType "match (corr)"]
[EventRounds "2"]
[EventCountry "GER"]
[SourceTitle "Corr 2015"]
[Source "ChessBase"]
[SourceDate "2015.07.17"]
[SourceVersion "1"]
[SourceVersionDate "2015.07.17"]
[SourceQuality "1"]

1. e4 Nf6 2. e5 Nd5 3. d4 d6 4. Be2 g6 5. f4 Bh6 6. Bf3 dxe5 7. dxe5 Bxf4 8. Bxd5 Bxc1 9. Bxf7+ Kxf7 10. Qxc1 Kg7 11. Qe3 Nc6 12. Nf3 Bg4 13. Nbd2 Qd5 14. c4 Qe6 15. 0-0 Rhf8 16. b4 Rad8 17. b5 Bxf3 1-0

[Event "ZI-2011-0-01201"]
[Site "LSS email"]
[Date "2012.01.02"]
[Round "?"]
[White "Pasqua, Giovanni"]
[Black "Santos, Maria Cristina"]
[Result "1/2-1/2"]
[WhiteElo "1909"]
[BlackElo "1498"]
[PlyCount "32"]
[EventDate "2011.12.27"]
[EventType "match (corr)"]
[EventRounds "2"]
[EventCountry "GER"]
[SourceTitle "Corr 2015"]
[Source "ChessBase"]
[SourceDate "2015.07.17"]
[SourceVersion "1"]
[SourceVersionDate "2015.07.17"]
[SourceQuality "1"]

1. d3 Nf6 2. c4 c5 3. Nc3 Nc6 4. g3 g6 5. Bg2 Bg7 6. e4 0-0 7. Nge2 Rb8 8. a3 a6 9. 0-0 b5 10. cxb5 axb5 11. b4 d6 12. Rb1 Ba6 13. Bf4 Ng4 14. bxc5 e5 15. Bd2 dxc5 16. Nd5 Qd6 1/2-1/2

[Event "SC-2011-0-00131"]
[Site "LSS email"]
[Date "2011.12.21"]
[Round "?"]
[White "Santos, Maria Cristina"]
[Black "Milde, Lars"]
[Result "1/2-1/2"]
[WhiteElo "1510"]
[BlackElo "1898"]
[PlyCount "31"]
[EventDate "2011.11.20"]
[EventType "tourn (corr)"]
[EventRounds "6"]
[EventCountry "GER"]
[SourceTitle "Corr 2015"]
[Source "ChessBase"]
[SourceDate "2015.07.17"]
[SourceVersion "1"]
[SourceVersionDate "2015.07.17"]
[SourceQuality "1"]

1. e4 e5 2. Nf3 Nc6 3. Bc4 Bc5 4. c3 Nf6 5. d4 exd4 6. cxd4 Bb4+ 7. Nbd2 d5 8. exd5 Nxd5 9. 0-0 0-0 10. a3 Bxd2 11. Qxd2 Bf5 12. b4 Nb6 13. Ba2 Be4 14. Ng5 Bg6 15. Rd1 Re8 16. d5 1/2-1/2

[Event "ZI-2011-0-01190"]
[Site "LSS email"]
[Date "2011.12.21"]
[Round "?"]
[White "Santos, Maria Cristina"]
[Black "Schulz, Hans Juergen"]
[Result "1/2-1/2"]
[WhiteElo "1721"]
[BlackElo "1752"]
[PlyCount "45"]
[EventDate "2011.12.15"]
[EventType "match (corr)"]
[EventRounds "2"]
[EventCountry "GER"]
[SourceTitle "Telechess CBM 149"]
[Source "ChessBase"]
[SourceDate "2012.07.17"]
[SourceVersion "1"]
[SourceVersionDate "2012.07.17"]
[SourceQuality "1"]

1. e4 e5 2. Nf3 Nc6 3. Bc4 Nf6 4. Ng5 d5 5. exd5 Na5 6. Bb5+ c6 7. dxc6 bxc6 8. Qf3 Rb8 9. Be2 h6 10. Ne4 Nd5 11. d3 g6 12. a3 Bg7 13. b4 Nb7 14. 0-0 f5 15. Nec3 Be6 16. Bb2 0-0 17. Nd2 e4 18. dxe4 fxe4 19. Qxe4 Qe8 20. Bc4 Nd6 21. Qd3 Nxc4 22. Nxc4 Nf4 23. Qe4 1/2-1/2

[Event "OP-2011-0-01919"]
[Site "LSS email"]
[Date "2011.12.04"]
[Round "?"]
[White "Santos, Maria Cristina"]
[Black "Popov, Misha"]
[Result "1-0"]
[WhiteElo "1498"]
[BlackElo "1005"]
[PlyCount "23"]
[EventDate "2011.12.01"]
[EventType "tourn (corr)"]
[EventRounds "4"]
[EventCountry "GER"]
[SourceTitle "Corr 2015"]
[Source "ChessBase"]
[SourceDate "2015.07.17"]
[SourceVersion "1"]
[SourceVersionDate "2015.07.17"]
[SourceQuality "1"]

1. d4 d5 2. c4 e6 3. Nc3 Nf6 4. cxd5 Nxd5 5. e4 Nb6 6. Nf3 Bb4 7. Bd3 Nc6 8. 0-0 0-0 9. e5 Kh8 10. Bxh7 f6 11. Bg6 Bxc3 12. Ng5 1-0

[Event "OP-2011-0-01919"]
[Site "LSS email"]
[Date "2011.12.04"]
[Round "?"]
[White "Vontina, Maria"]
[Black "Santos, Maria Cristina"]
[Result "0-1"]
[WhiteElo "758"]
[BlackElo "1498"]
[PlyCount "36"]
[EventDate "2011.12.01"]
[EventType "tourn (corr)"]
[EventRounds "4"]
[EventCountry "GER"]
[SourceTitle "Telechess CBM 157"]
[Source "ChessBase"]
[SourceDate "2013.11.12"]
[SourceVersion "1"]
[SourceVersionDate "2013.11.12"]
[SourceQuality "1"]

1. e4 c5 2. Nf3 d6 3. d4 cxd4 4. Nxd4 Nf6 5. Nc3 g6 6. Be3 Bg7 7. Qd2 Nc6 8. f3 0-0 9. g4 Be6 10. Nxe6 fxe6 11. 0-0-0 Ne5 12. Be2 Qc8 13. Kb1 Nfd7 14. Rdf1 Nc4 15. Bxc4 Qxc4 16. h4 Rac8 17. Nd1 Ne5 18. Rh3 Qxf1 0-1

[Event "RC-2011-0-00089"]
[Site "LSS email"]
[Date "2011.12.01"]
[Round "?"]
[White "Broniek, Mariusz Maciej"]
[Black "Santos, Maria Cristina"]
[Result "1-0"]
[WhiteElo "1606"]
[BlackElo "1506"]
[PlyCount "57"]
[EventDate "2011.10.31"]
[EventType "tourn (corr)"]
[EventRounds "6"]
[EventCountry "GER"]
[SourceTitle "Telechess CBM 157"]
[Source "ChessBase"]
[SourceDate "2013.11.12"]
[SourceVersion "1"]
[SourceVersionDate "2013.11.12"]
[SourceQuality "1"]

1. e4 c5 2. Nf3 d6 3. c3 Nf6 4. h3 Nc6 5. Bd3 g6 6. 0-0 Bg7 7. Bc2 0-0 8. d4 cxd4 9. cxd4 e5 10. d5 Ne7 11. Nc3 Nh5 12. Be3 f5 13. Rc1 Nf6 14. Ng5 fxe4 15. g4 h5 16. Ncxe4 hxg4 17. Nxf6+ Bxf6 18. hxg4 Bd7 19. Ne4 Bb5 20. Re1 Bg7 21. Bb3 Rc8 22. Rxc8 Nxc8 23. Ng5 Qa5 24. Ne6 Rf7 25. Bd2 Qb6 26. Re3 Be8 27. Qf1 a5 28. Qh3 a4 29. Qh4 1-0

[Event "ZI-2011-0-01162"]
[Site "LSS email"]
[Date "2011.12.01"]
[Round "?"]
[White "Santos, Maria Cristina"]
[Black "Schulz, Hans Juergen"]
[Result "1-0"]
[WhiteElo "1721"]
[BlackElo "1752"]
[PlyCount "77"]
[EventDate "2011.11.26"]
[EventType "match (corr)"]
[EventRounds "2"]
[EventCountry "GER"]
[SourceTitle "Telechess CBM 149"]
[Source "ChessBase"]
[SourceDate "2012.07.17"]
[SourceVersion "1"]
[SourceVersionDate "2012.07.17"]
[SourceQuality "1"]

1. d4 Nf6 2. c4 g6 3. Nc3 Bg7 4. e4 d6 5. f3 0-0 6. Be3 e5 7. Nge2 c6 8. Qd2 Nbd7 9. 0-0-0 a6 10. h4 b5 11. h5 Qa5 12. hxg6 fxg6 13. Qc2 bxc4 14. d5 c5 15. g4 Nb6 16. Bd2 Bd7 17. Bg2 Rab8 18. Rh4 g5 19. Rh2 Rb7 20. Rdh1 Rfb8 21. Bf1 h6 22. Rxh6 Na4 23. Nxa4 Qxa4 24. Qxa4 Bxa4 25. Nc3 Rxb2 26. Nxa4 Rxa2 27. Nc3 Ra1+ 28. Kc2 Rxf1 29. Rxf1 Bxh6 30. Ra1 Ra8 31. Nd1 c3 32. Bxc3 Bg7 33. Bd2 Bh6 34. Ne3 Nh7 35. Nf5 Bf8 36. Rb1 a5 37. Rb6 a4 38. Kb2 Ra7 39. Ka3 1-0

[Event "ZI-2011-0-01160"]
[Site "LSS email"]
[Date "2011.11.28"]
[Round "?"]
[White "Dominguez Fernandez, Santiago"]
[Black "Santos, Maria Cristina"]
[Result "1-0"]
[WhiteElo "2114"]
[BlackElo "1721"]
[PlyCount "75"]
[EventDate "2011.11.26"]
[EventType "match (corr)"]
[EventRounds "2"]
[EventCountry "GER"]
[SourceTitle "Telechess CBM 149"]
[Source "ChessBase"]
[SourceDate "2012.07.17"]
[SourceVersion "1"]
[SourceVersionDate "2012.07.17"]
[SourceQuality "1"]

1. e4 c5 2. Nf3 d6 3. d4 cxd4 4. Nxd4 Nf6 5. Nc3 g6 6. Be3 Bg7 7. f3 0-0 8. Qd2 Nc6 9. 0-0-0 d5 10. exd5 Nxd5 11. Nxc6 bxc6 12. Nxd5 cxd5 13. Qxd5 Qc7 14. Qc5 Qb7 15. Qa3 a5 16. Bd3 Rb8 17. c3 Be6 18. Bf4 Rbc8 19. Bc2 Rc4 20. Bg5 Rfc8 21. Qxe7 Qxe7 22. Bxe7 Bxc3 23. Rd8+ Rxd8 24. Bxd8 Bb4 25. Kb1 Rc8 26. Rd1 Bxa2+ 27. Kxa2 Rxc2 28. Bf6 Bd2 29. g4 g5 30. Be5 f6 31. Kb3 Rc6 32. Rxd2 fxe5 33. Rd5 Re6 34. Rxa5 Kf7 35. Kc2 Rc6+ 36. Kd3 Ke6 37. b4 Rc1 38. b5 1-0

[Event "RC-2011-0-00088"]
[Site "LSS email"]
[Date "2011.11.28"]
[Round "?"]
[White "Santos, Maria Cristina"]
[Black "Reede, Arvo"]
[Result "1/2-1/2"]
[WhiteElo "1506"]
[BlackElo "1626"]
[PlyCount "57"]
[EventDate "2011.10.24"]
[EventType "tourn (corr)"]
[EventRounds "6"]
[EventCountry "GER"]
[SourceTitle "Telechess CBM 157"]
[Source "ChessBase"]
[SourceDate "2013.11.12"]
[SourceVersion "1"]
[SourceVersionDate "2013.11.12"]
[SourceQuality "1"]

1. e4 e5 2. Nf3 Nc6 3. Bb5 a6 4. Ba4 b5 5. Bb3 Nf6 6. 0-0 Be7 7. d4 d6 8. dxe5 dxe5 9. Qxd8+ Bxd8 10. a4 b4 11. Be3 Be7 12. Nbd2 Bd6 13. Rfd1 Na5 14. Nc4 Nxc4 15. Bxc4 Ke7 16. Ng5 Rf8 17. f3 a5 18. Nh3 Bxh3 19. gxh3 Nh5 20. Rd5 c6 21. Rd2 Rfd8 22. Rad1 Bc7 23. Bc5+ Ke8 24. Kg2 Rab8 25. Rxd8+ Rxd8 26. Rxd8+ Bxd8 27. h4 Nf4+ 28. Kg3 h5 29. Bf2 1/2-1/2

[Event "OP-2011-0-01906"]
[Site "LSS email"]
[Date "2011.11.26"]
[Round "?"]
[White "Broniek, Mariusz Maciej"]
[Black "Santos, Maria Cristina"]
[Result "1-0"]
[WhiteElo "1940"]
[BlackElo "1498"]
[PlyCount "63"]
[EventDate "2011.11.24"]
[EventType "tourn (corr)"]
[EventRounds "4"]
[EventCountry "GER"]
[SourceTitle "Telechess CBM 157"]
[Source "ChessBase"]
[SourceDate "2013.11.12"]
[SourceVersion "1"]
[SourceVersionDate "2013.11.12"]
[SourceQuality "1"]

1. e4 c5 2. Nf3 d6 3. d4 cxd4 4. Nxd4 Nf6 5. Nc3 g6 6. Be3 Bg7 7. f3 0-0 8. Qd2 Nc6 9. g4 Be6 10. 0-0-0 Nxd4 11. Bxd4 Qa5 12. a3 Rab8 13. Kb1 Rfc8 14. h4 h5 15. gxh5 Nxh5 16. Bxg7 Kxg7 17. Bh3 Bxh3 18. Rxh3 Qe5 19. Rf1 Nf4 20. Rg3 b5 21. Rg5 Qf6 22. Rg4 e5 23. Nd5 Nxd5 24. Qxd5 b4 25. axb4 Rxb4 26. h5 Rc5 27. Qd3 a5 28. Rh1 Rcb5 29. b3 Qe6 30. hxg6 fxg6 31. Kc1 Rc5 32. Rhg1 1-0

[Event "RC-2011-0-00088"]
[Site "LSS email"]
[Date "2011.11.26"]
[Round "?"]
[White "Santos, Maria Cristina"]
[Black "Leonov, Aleksandr"]
[Result "1-0"]
[WhiteElo "1506"]
[BlackElo "1235"]
[PlyCount "51"]
[EventDate "2011.10.24"]
[EventType "tourn (corr)"]
[EventRounds "6"]
[EventCountry "GER"]
[SourceTitle "Telechess CBM 157"]
[Source "ChessBase"]
[SourceDate "2013.11.12"]
[SourceVersion "1"]
[SourceVersionDate "2013.11.12"]
[SourceQuality "1"]

1. e4 e5 2. Nf3 Nf6 3. Nxe5 d6 4. Nf3 Nxe4 5. d4 d5 6. Bd3 Bg4 7. 0-0 c5 8. c4 cxd4 9. cxd5 Nd6 10. Qa4+ Qd7 11. Re1+ Be7 12. Qxd4 0-0 13. Ne5 Bf6 14. Qxg4 Qxg4 15. Nxg4 Bd4 16. Nc3 Nd7 17. Bf4 Ne8 18. Rad1 Bb6 19. d6 Nef6 20. Bf5 Nxg4 21. Bxg4 Rad8 22. Re7 Nf6 23. Bf3 Rd7 24. Bxb7 Rfd8 25. Bc6 Rxe7 26. dxe7 1-0

[Event "ZI-2011-0-01149"]
[Site "LSS email"]
[Date "2011.11.23"]
[Round "?"]
[White "Schulz, Hans Juergen"]
[Black "Santos, Maria Cristina"]
[Result "0-1"]
[WhiteElo "1770"]
[BlackElo "1667"]
[PlyCount "92"]
[EventDate "2011.11.20"]
[EventType "match (corr)"]
[EventRounds "2"]
[EventCountry "GER"]
[SourceTitle "Telechess CBM 149"]
[Source "ChessBase"]
[SourceDate "2012.07.17"]
[SourceVersion "1"]
[SourceVersionDate "2012.07.17"]
[SourceQuality "1"]

1. e4 c5 2. Nf3 d6 3. d4 cxd4 4. Nxd4 Nf6 5. Nc3 g6 6. Be3 Bg7 7. f3 0-0 8. Qd2 Nc6 9. Bc4 Bd7 10. 0-0-0 Rc8 11. Bb3 Ne5 12. h4 Nc4 13. Bxc4 Rxc4 14. h5 Nxh5 15. g4 Nf6 16. Nde2 Qa5 17. Bh6 Bxh6 18. Qxh6 Rfc8 19. Rd3 R8c5 20. g5 Nh5 21. Nf4 Rxc3 22. Rxc3 Rxg5 23. Nd5 Rxd5 24. exd5 Qxd5 25. Rb3 Be6 26. Rd1 Qc6 27. Ra3 a6 28. Qg5 Nf6 29. Rc3 Qb6 30. Qd2 h5 31. Kb1 Kg7 32. Rd3 h4 33. Rh1 h3 34. Rd4 Qc5 35. Rg1 Qh5 36. Rf1 b5 37. Qf2 Qc5 38. Re1 Nh5 39. Qd2 g5 40. Rg1 Kh6 41. b4 Qf5 42. Rh4 f6 43. Re1 Kg6 44. Rd4 Nf4 45. Qf2 Kf7 46. Kb2 Ng6 0-1

[Event "RC-2011-0-00087"]
[Site "LSS email"]
[Date "2011.11.20"]
[Round "?"]
[White "Draba, Henryk"]
[Black "Santos, Maria Cristina"]
[Result "1/2-1/2"]
[WhiteElo "1600"]
[BlackElo "1498"]
[PlyCount "53"]
[EventDate "2011.10.15"]
[EventType "tourn (corr)"]
[EventRounds "6"]
[EventCountry "GER"]
[SourceTitle "Telechess CBM 157"]
[Source "ChessBase"]
[SourceDate "2013.11.12"]
[SourceVersion "1"]
[SourceVersionDate "2013.11.12"]
[SourceQuality "1"]

1. d4 Nf6 2. c4 g6 3. Bg5 Bg7 4. Nc3 0-0 5. Nf3 d6 6. e3 Nbd7 7. Be2 c6 8. 0-0 h6 9. Bh4 g5 10. Bg3 Nh5 11. Qc2 Ndf6 12. Rfd1 Nxg3 13. fxg3 Re8 14. a3 Bg4 15. h3 Bh5 16. g4 Bg6 17. c5 Qc7 18. Bd3 Bxd3 19. Rxd3 dxc5 20. dxc5 Rad8 21. Rad1 e6 22. Nd4 Nd5 23. Nxd5 Rxd5 24. e4 Rxd4 25. Rxd4 Bxd4+ 26. Rxd4 Rd8 27. Rxd8+ 1/2-1/2